UBT Library

Whatever it takes : (Record no. 40711)

000 -LEADER
fixed length control field 00630cam a2200229 a 4500
001 - CONTROL NUMBER
control field 4259393
005 - DATE AND TIME OF LATEST TRANSACTION
control field 20180123034241.0
008 - FIXED-LENGTH DATA ELEMENTS--GENERAL INFORMATION
fixed length control field 840605s1985 njua b 001 0 eng
010 ## - LIBRARY OF CONGRESS CONTROL NUMBER
LC control number 84011773
020 ## - INTERNATIONAL STANDARD BOOK NUMBER
International Standard Book Number 0139520864 :
Terms of availability $21.00
020 ## - INTERNATIONAL STANDARD BOOK NUMBER
International Standard Book Number 0139520783 (pbk.)
040 ## - CATALOGING SOURCE
Original cataloging agency DLC
Transcribing agency DLC
Modifying agency DLC
041 ## - LANGUAGE CODE
Language code of text/sound track or separate title eng
080 ## - UNIVERSAL DECIMAL CLASSIFICATION NUMBER
Universal Decimal Classification number 658.403
082 00 - DEWEY DECIMAL CLASSIFICATION NUMBER
Classification number 658.403 MCC
Edition number 19
100 1# - Rafti
Rafti 54
101 ## - Shkurtesa
Shkurtesa LID
245 10 - TITLE STATEMENT
Title Whatever it takes :
Statement of responsibility, etc Morgan W. McCall, Jr., Robert E. Kaplan.
504 ## - BIBLIOGRAPHY, ETC. NOTE
Bibliography, etc Bibliography: p. 119-123.
906 ## - LOCAL DATA ELEMENT F, LDF (RLIN)
a 7
b cbc
c orignew
d 1
e ocip
f 19
g y-gencatlg
942 ## - ADDED ENTRY ELEMENTS (KOHA)
Source of classification or shelving scheme
Item type Books
Holdings
Withdrawn status Lost status Source of classification or shelving scheme Damaged status Not for loan Collection code Permanent location Current location Shelving location Date acquired Total Checkouts Full call number Barcode Date last seen Price effective from Koha item type
          Koleksioni i përgjithshem UBT - Lipjan UBT - Lipjan Koleksioni i lëndeve mesimore 01/23/2018   658.403 MCC 002-2996285 01/23/2018 01/23/2018 Books
UBT Library © 2015-2024. All rights reserved University Education for Business and Technology